000 01126nam a2200337 a 4500
001 000028593
003 DO-SdBPM
005 20250904101501.0
007 ta
008 110411s2010 dr a 000 0 spa d
020 _a9789945163551
040 _aDO-SdBPM
_bspa
_cBPMSU
_erda
082 4 _aRD861.08
_bP745e 2010
_222
245 0 0 _aPoesía esencial dominicana /
_c selección Yanela Hernández y Guillermo Ricart Calventi
264 _aSanto Domingo
_bEditora Búho,
_c2010
300 _a183 págianas ;
_c22 cm.
336 _atexto
_btxt
_2rdacontent
337 _asin mediación
_bn
_2rdamedia
338 _avolumen
_bnc
_2rdacarrier
500 _aIncluye referencias bibliográficas y notas al pie de las páginas
586 _a
590 _aInventariado, 2024/VM
650 7 _aPoesía dominicana
_vAntología
650 7 _aPoetas dominicanos
_xCrítica e interpretación
650 7 _aPoetas dominicanos
_vBiografías
650 _a
700 1 _aHernández, Yanela
_eselección
700 1 _aRicart Calventi, Guillermo
_eselección
910 _aVMateo V. Control de calidad. BPMSU
942 _2ddc
_cBK
999 _c7866
_d7866